00678nam a2200181 a 450000100100000000500170001000800410002702000150006804000250008324500970010826000470020530000210025249000610027370000130033470000230034771000650037083000610043500004107820201002034612.0130917s2001 sp 000 0 spa d a8400079515 aDO-SdBNPbspacBNPHU00aNomenmyx a nomenclatural taxabase of myxomycetes /ceditado por C. Lado ; J. C. Hernández. aMadrid :bReal Jardín Botánico,c2001. a219 p. ;c24 cm.1 aCuadernos de trabajo de Flora micológica Ibéricav161 aLado, C.1 aHernández, J. C.2 aConsejo Superior de Investigaciones Sientíficas (España) 0aCuadernos de trabajo de Flora micológica Ibéricav16